KOHA-Header-6

Time Almanac 2004 : With Information Please (Record no. 9069)

000 -LEADER
fixed length control field 00283nam a2200109Ia 4500
100 ## - MAIN ENTRY--AUTHOR NAME
Personal name Borgna Brunner
245 #0 - TITLE STATEMENT
Title Time Almanac 2004 : With Information Please
260 ## - PUBLICATION, DISTRIBUTION, ETC. (IMPRINT)
Place of publication New Delhi
Name of publisher Bantam Books
Year of publication 2001
300 ## - PHYSICAL DESCRIPTION
Number of Pages 264
942 ## - ADDED ENTRY ELEMENTS (KOHA)
Koha item type Books
Holdings
Withdrawn status Lost status Collection code Permanent Location Current Location Shelving location Date acquired Full call number Accession Number Koha item type
    English Literature MAJU MAJU Shelf No.A15 2019-09-14 891.439 4383 English Literature

Powered by Koha